• 首页
  • 本馆介绍
  • 公告通知
  • 最新文献
  • 馆藏检索
  • 电子资源
  • 读者导购
  • 参考咨询
  • 我的图书馆
  • 登录
  • 详细信息显示
  • 放入我的书架
  • 预约/预借图书
  • 作者相关作品
  • 分类相关作品
  • 丛书相关作品
  • 出版社相关作品

书目信息

  • 表格格式
  • 工作单格式
  • 卡片格式
题名:
宏观经济学
    
 
作者: 多恩布施 , Dornbusch , 费希尔 , Fischer , 斯塔兹 著 ;范家骧 译
分册:  
出版信息: 北京   中国人民大学出版社  1997
页数: 551页
开本: 26cm
丛书名: 经济科学译丛
单 册:
中图分类: F015
科图分类:
主题词: 宏观经济学
电子资源:
ISBN: 7-300-03498-5
000 01210nam0 2200349 45
001 0198010133
005 20031219104101.3
010    @a7-300-03498-5@dCNY60.00
100    @a19980213d1997 kemy0chiy0121 ea
101 1  @achi@ceng
102    @aCN@b110000
105    @ay igz 001yy
106    @ar
200 10 @a宏观经济学@Ahong guan jing ji xue@f(美)R.多恩布什(Rudiger Dornbusch),(美)S.费希尔(Stanley Fischer),(美)斯塔兹(Startz,R.)著@F(Mei)R.Duo En Bu Shen(Rudiger Dornbusch),(Mei)S.Fei Xi Er(Stanley Fischer),(Mei)Si Ta Zi(Startz,R.)Zhu@g范家骧等译
210    @a北京@c中国人民大学出版社@d1997
215    @a551页@d26cm
225 2  @a经济科学译丛
300    @a美国麦格鲁—希尔公司提供版权
304    @a著者通译:R.多恩布施
410  0 @120010@a经济科学译丛
454    @12001 @aMacroeconomics@1205 @a7版
510 1  @aMacroeconomics@zeng
606    @a宏观经济学
690    @aF015@v4
701  1 @a多恩布施@Aduo en bu shi@bR.@4著
701 A1 @aDornbusch@bRudiger@4著
701  1 @a费希尔@Afei xi er@bS.@4著
701 A1 @aFischer@bStanley@4著
701  0 @a斯塔兹@bStartz,R.@4著
702  0 @a范家骧@AFan Jia Xiang@4译
801    @aCN@bTSTC@c20021230
905    @b318466-470@dF015@e163=7@f5
    
    宏观经济学/(美)R.多恩布什(Rudiger Dornbusch),(美)S.费希尔(Stanley Fischer),(美)斯塔兹(Startz,R.)著/范家骧等译.-北京:中国人民大学出版社,1997
    551页;26cm.-(经济科学译丛)
    美国麦格鲁—希尔公司提供版权
    
    ISBN 7-300-03498-5:CNY60.00
    
●
相关链接 在E读中查询图书 在五车中查询图书 在当当中查询图书 在豆瓣中查询图书


正题名:宏观经济学     索取号:F015/163=7         预约/预借

序号 登录号 条形码 馆藏地/架位号 状态 备注
1 0318466   203184669   第一借阅区/ [索取号:F015/163=7] 在馆    
2 0318467   203184678   第一借阅区/ [索取号:F015/163=7] 在馆    
3 0318468   203184687   第一借阅区/ [索取号:F015/163=7] 在馆    
4 0318469   203184696   第一借阅区/ [索取号:F015/163=7] 在馆    
5 0318470   203184703   第一样本阅览室/ [索取号:F015/163=7] 在馆    
唐山师范学院图书馆 欢迎您!
大连网信软件有限公司© 版权所有